Изменение стабильности твердого раствора при радиационном воздействии; Известия Томского политехнического университета [Известия ТПУ]; Т. 311, № 2 : Математика и механика. Физика

Dades bibliogràfiques
Parent link:Известия Томского политехнического университета [Известия ТПУ]/ Томский политехнический университет (ТПУ).— , 2000-
Т. 311, № 2 : Математика и механика. Физика.— 2007.— [С. 139-141]
Altres autors: Орлов В. Л., Орлов А .В., Леонов Г. Н., Кирста Ю. Б., Гребеньков А. А.
Sumari:Заглавие с титульного листа
Электронная версия печатной публикации
Исследована стабильность твердого раствора при радиационном воздействии. Получены выражения для диффузионных потоков компонентов бинарного сплава, которые указывают на существование температурного интервала, в котором наблюдается явление восходящей диффузии элементов. При выводе учтены вакансионный характер диффузии, конфигурационная энтропия, потенциальная энергия межатомных связей. Восходящая диффузия свидетельствует о нарушении стабильности однородного твердого раствора - расслоении. Влияние облучения связывается с возрастанием концентрации вакансий, что изменяет энергию межатомных связей и, одновременно, ускоряет диффузионные процессы. Получено условие стабильности сплава относительно расслоения при радиационном воздействии.
Idioma:rus
Publicat: 2007
Col·lecció:Математика и механика. Физика
Matèries:
Accés en línia:http://www.lib.tpu.ru/fulltext/v/Bulletin_TPU/2007/v311/i2/33.pdf
Format: MixedMaterials Electrònic Capítol de llibre
KOHA link:https://koha.lib.tpu.ru/cgi-bin/koha/opac-detail.pl?biblionumber=172462

MARC

LEADER 00000nla2a2200000 4500
001 172462
005 20231031164300.0
035 |a (RuTPU)RU\TPU\book\187027 
035 |a RU\TPU\book\187021 
090 |a 172462 
100 |a 20091214d2007 k y0rusy50 ca 
101 0 |a rus 
102 |a RU 
135 |a drnn ---uucaa 
181 0 |a i  
182 0 |a b 
200 1 |a Изменение стабильности твердого раствора при радиационном воздействии  |b Электронный ресурс  |f В. Л. Орлов [и др.] 
203 |a Текст  |c электронный 
215 |a 1 файл (299 Кб) 
225 1 |a Математика и механика. Физика 
230 |a Электронные текстовые данные (1 файл : 299 Кб) 
300 |a Заглавие с титульного листа 
300 |a Электронная версия печатной публикации 
320 |a [Библиогр.: с. 141 (4 назв.)] 
330 |a Исследована стабильность твердого раствора при радиационном воздействии. Получены выражения для диффузионных потоков компонентов бинарного сплава, которые указывают на существование температурного интервала, в котором наблюдается явление восходящей диффузии элементов. При выводе учтены вакансионный характер диффузии, конфигурационная энтропия, потенциальная энергия межатомных связей. Восходящая диффузия свидетельствует о нарушении стабильности однородного твердого раствора - расслоении. Влияние облучения связывается с возрастанием концентрации вакансий, что изменяет энергию межатомных связей и, одновременно, ускоряет диффузионные процессы. Получено условие стабильности сплава относительно расслоения при радиационном воздействии. 
337 |a Adobe Reader 
461 1 |0 (RuTPU)RU\TPU\book\176237  |t Известия Томского политехнического университета [Известия ТПУ]  |f Томский политехнический университет (ТПУ)  |d 2000- 
463 1 |0 (RuTPU)RU\TPU\book\186973  |x 1684-8519  |t Т. 311, № 2 : Математика и механика. Физика  |v [С. 139-141]  |d 2007  |p 170 с. 
610 1 |a твердые растворы 
610 1 |a радиационное воздействие 
610 1 |a выражения 
610 1 |a диффузионные потоки 
610 1 |a компоненты 
610 1 |a бинарные сплавы 
610 1 |a температурные интервалы 
610 1 |a восходящая диффузия 
610 1 |a элементы 
610 1 |a вакансионный характер 
610 1 |a конфигурационная энтропия 
610 1 |a потенциальная энергия 
610 1 |a межатомные связи 
610 1 |a стабильность 
610 1 |a расслоения 
610 1 |a энергия 
610 1 |a диффузионные процессы 
610 1 |a электронный ресурс 
701 1 |a Орлов  |b В. Л. 
701 1 |a Орлов  |b А .В. 
701 1 |a Леонов  |b Г. Н. 
701 1 |a Кирста  |b Ю. Б. 
701 1 |a Гребеньков  |b А. А. 
801 1 |a RU  |b 63413507  |c 20090623  |g PSBO 
801 2 |a RU  |b 63413507  |c 20211116  |g PSBO 
856 4 |u http://www.lib.tpu.ru/fulltext/v/Bulletin_TPU/2007/v311/i2/33.pdf 
942 |c CF